| 000 | 01831cam a2200565 a 4500 | ||
|---|---|---|---|
| 001 | 73297 | ||
| 005 | 20230410132613.0 | ||
| 008 | 041006r20041951nyu b 000 1 eng d | ||
| 010 | _a 2004302399 | ||
| 035 | _a(OCoLC)ocm56426774 | ||
| 040 |
_aIG# _cIG# _dDLC _dIQU _dBAKER _dOCLCA _dNLGGC _dBTCTA _dYDXCP _dOCLCG |
||
| 020 | _a0142437980 (pbk.) | ||
| 020 | _a9780142437988 (pbk.) | ||
| 029 | 1 |
_aNLGGC _b272258814 |
|
| 029 | 1 |
_aNZ1 _b9128029 |
|
| 029 | 1 |
_aAU@ _b000026688049 |
|
| 035 | _a(OCoLC)56426774 | ||
| 042 | _alccopycat | ||
| 043 | _ae-uk-en | ||
| 050 | 1 | 4 |
_aPR 6013 _bG799e 2004 |
| 082 | 0 | 0 | _a823/.912 |
| 049 | _aGRAL | ||
| 100 | 1 |
_aGreene, Graham, _d1904-1991. |
|
| 245 | 1 | 4 |
_aThe end of the affair / _cGraham Greene ; introduction by Michael Gorra. |
| 250 | _aDeluxe ed. | ||
| 260 |
_aNew York : _bPenguin Books, _c2004. |
||
| 300 |
_axxvii, 160 p. ; _c22 cm. |
||
| 440 | 0 | _aPenguin classics | |
| 500 | _a"Graham Greene centennial, 1904-2004"--Cover. | ||
| 504 | _aIncludes bibliographical references (p. xxv-xxvii). | ||
| 650 | 0 |
_aTriangles (Interpersonal relations) _vFiction. |
|
| 650 | 0 |
_aLoss (Psychology) _vFiction. |
|
| 651 | 0 |
_aLondon (England) _vFiction. |
|
| 650 | 0 |
_aMale friendship _vFiction. |
|
| 650 | 0 |
_aTerminally ill _vFiction. |
|
| 650 | 0 |
_aAdultery _vFiction. |
|
| 655 | 7 |
_aPsychological fiction. _2lcsh |
|
| 655 | 7 |
_aReligious fiction. _2lcsh |
|
| 655 | 7 |
_aLove stories. _2gsafd |
|
| 650 | 7 | _aPsychological fiction. | |
| 650 | 7 | _aReligious fiction. | |
| 650 | 7 | _aLove stories. | |
| 938 |
_aIngram _bINGR _n0142437980 |
||
| 938 |
_aBaker and Taylor _bBTCP _n2004302399 |
||
| 938 |
_aYBP Library Services _bYANK _n2143888 |
||
| 938 |
_aBaker & Taylor _bBKTY _c15.00 _d11.25 _i0142437980 _n0006019155 _sactive |
||
| 942 |
_2lcc _cbk |
||
| 994 |
_aC0 _bDRFGD |
||
| 946 | _aRCH | ||
| 999 |
_c84500 _d84500 |
||